Normal view
MARC view
Entry Personal Name
001 - CONTROL NUMBER
- control field: 512627
003 - CONTROL NUMBER IDENTIFIER
- control field: OSt
005 - DATE AND TIME OF LATEST TRANSACTION
- control field: 20220928145330.0
008 - FIXED-LENGTH DATA ELEMENTS
- fixed length control field: 220928|| aca||aabn | a|a d
040 ## - CATALOGING SOURCE
- Original cataloging agency: OSt
- Transcribing agency: OSt
100 ## - HEADING--PERSONAL NAME
- Personal name: Bedarida Francois
670 ## - SOURCE DATA FOUND
- Source citation: Work cat.: (OSt)833270: Bedarida Francois, Social history of England 1851 - 1990. Tr by A S Farster and Jeffrey Hodgkinson., 1990
